000 00631nam a2200205Ia 4500
005 20250522104506.0
008 008 250516s9999 xx 000 0 eng d
020 _a9780691130163
040 _aSDCL
_beng
_cSDCL
041 _aeng
_2eng
084 _aX:8, P7
_qSDCL
100 _aMacKenzie, Donald Ed.
_9752490
245 0 _aDo economists make markets? :
_bOn the performativity of economics
260 _aNew Jersey:
_bPrinceton University Press,
_c2007.
300 _avi,373p.
365 _aUSD
_b85
650 _aBusiness Economics and Finance
700 _aMuniesa, Fabian Ed.Siu, Lucia Ed.
_9810060
942 _cTEXL
999 _c1430531
_d1430531